|
|
|
|
| LEADER |
00000cab a2200000 a 4500 |
| 003 |
Ucuenca |
| 005 |
20230308201245.0 |
| 008 |
000050| ||||||||r|||||||||||spa|| |
| 022 |
|
|
|a 1390-0854
|
| 040 |
|
|
|b spa
|
| 041 |
0 |
|
|a spa
|
| 082 |
0 |
|
|a 330.5
|b U48e
|
| 100 |
1 |
|
|a Puyana Ferreira, Jaime
|9 175715
|
| 245 |
4 |
4 |
|a Los premios nobel de la Economía: un viraje hacia la relevancia humanistica
|c Jaime Puyana Ferreira
|h imp
|
| 264 |
|
|
|a Cuenca
|b Universidad de Cuenca
|c Diciembre de 1998
|
| 300 |
|
|
|a páginas: 137-154
|c 21.5 cm
|
| 362 |
|
|
|a época II; no. 4 (diciembre 1998)
|
| 504 |
|
|
|a incl. ref.
|
| 650 |
|
|
|a Premios nobel de economia
|9 175716
|
| 650 |
|
0 |
|a Revista de Economía
|9 175469
|
| 852 |
|
|
|a UC-CDJBV
|f Donación
|l 1
|m General
|p 20000504
|r 2
|b 0
|d CDRC
|e CDRC
|g 330.5 U48e TERCER PISO (SECCION REVISTAS)
|z 2000-00-50
|
| 942 |
|
|
|c SERA
|
| 773 |
0 |
|
|0 138030
|9 113187
|a Universidad de Cuenca
|d Cuenca Universidad de Cuenca. Facultad de Ciencias Económicas Diciembre de 1998
|o 46936
|t Economía y Política
|w (Ucuenca)46936
|x 1390-0854
|
| 999 |
|
|
|c 94858
|d 94858
|